Management jakosti s podporou norem ISO 9000:2000 : Srpen 2005

Salvato in:
Dettagli Bibliografici
Autore principale: Fiala, Alois (Autore)
Natura: Libro
Lingua:ceco
Pubblicazione: Praha : Verlag Dashöfer, 2005
Soggetti:
Tags: Aggiungi Tag
Nessun Tag, puoi essere il primo ad aggiungerne!!

MARC

LEADER 00000nam a22000003a 4500
001 stu97489
005 20150617225818.9
008 051115s2005----xr------------------cze-d
040 |a STU  |b slo 
041 0 |a cze 
044 |a xr 
080 |a 658.56 
100 1 |a Fiala, Alois  |4 aut 
245 1 |a Management jakosti s podporou norem ISO 9000:2000 :  |b Srpen 2005 
260 |a Praha :  |b Verlag Dashöfer,  |c 2005 
300 |a 1 CD 
650 7 |a manažment kvality  |2 stusub 
996 |b 284M063547  |c M*CD-653  |l MMKN  |s A  |a 24  |w stu97489_0001